000 00861nam a2200205 a 4500
001 BRCA_1141
005 20190320203310.0
008 000121s1999 sp-a---##b---#001-0#spa-#
040 _aDLC
_cDLC
050 4 _aDP178
_b.S54 1999
245 1 0 _aLos siglos de oro en los virreinatos de América
_b1550-1700.
260 _a[Madrid]
_bSociedad Estatal para la Conmemoración de los Centenarios de Felipe II y Carlos V
_c1999
300 _a441 p.
_bil. (algunas a color)
_c29 cm.
500 _aCatálogo de la exposición realizada en el Museo de América (Madrid, España), 23 noviembre 1999 - 12 febrero 2000
500 _aIncluye índice analítico e índice de autores del catálogo
504 _aBibliografía: p. 413-426
650 1 4 _aArte colonial
_vExposiciones
_zAmérica Latina
_92249
650 1 4 _aArte
_vExposiciones
_zAmérica Latina
_9637
942 _2lcc
_cB
999 _c1018
_d1018